| 000 | 00555nam a2200229Ia 4500 | ||
|---|---|---|---|
| 003 | OSt | ||
| 005 | 20220924151148.0 | ||
| 006 | a|||||r|||| 00| 0 | ||
| 007 | ta | ||
| 008 | 220923b |||||||| |||| 00| 0 ara d | ||
| 024 | _a336383 | ||
| 037 | _cTextual | ||
| 040 |
_aARTS _cARTS _bara |
||
| 041 |
_2ara _aara |
||
| 082 | _aO28,1:g, B4 | ||
| 100 |
_aJaafar Au. _9223687 |
||
| 245 | 0 | _aKitab naqadul sher | |
| 260 | _c1884 | ||
| 650 | _aARABIC POETRY | ||
| 942 |
_hO28,1:g, B4 _cTEXL _2CC |
||
| 999 |
_c465697 _d465697 |
||